[Event "Wijk op"]
[Site "Wijk aan Zee"]
[Date "1993.??.??"]
[Round "5"]
[White "De Boer, Gert Jan"]
[Black "Grooten, Herman"]
[Result "1/2-1/2"]
[WhiteElo "2430"]
[BlackElo "2410"]

1.d4 Nf6 2.c4 e6 3.Nf3 b6 4.g3 Ba6 5.b3 Bb4+ 6.Bd2 Be7 7.Bg2 d5 8.cxd5 exd5
9.Nc3 O-O 10.O-O Bb7 11.Qc2 Na6 12.Rfd1 Qc8 13.Bf4 Rd8 14.a3 c5 15.Qb2 h6
16.Rac1 Qe6 17.Ne5 Ne4 18.Be3 Bf6 19.Nf3 Rac8 20.Rc2 Nc7 21.Bf1 Qf5 22.b4 c4
23.b5 Ne6 24.Bg2 g5 25.Ne1 h5 26.f3 Nd6 27.Rcd2 Re8 28.Bf2 g4 29.Qc2 Qxc2
30.Nxc2 Nc7 31.a4 Nf5 32.e4 Nh6 33.e5 Be7 34.f4 Nf5 35.Rb1 Rb8 36.Nd1 Red8
37.Nde3 Bc8 38.Be1 Be6 39.Rdd1 a6 40.bxa6 Nxa6 41.Rb2 Nc7 42.Rdb1 Ra8 43.Rxb6 Rxa4
44.Rb8 Kf8 45.R1b7 Ke8 46.Rxd8+ Bxd8 47.Nxf5 Bxf5 48.Ne3 Be4 49.Bxe4 dxe4
50.Rb4 Ra1 51.Kf2 Ra2+ 52.Kf1 Ne6 53.Nxc4 Rxh2 54.d5 Nc5 55.Nd6+ Kf8 56.Rb8 Ke7
57.Bb4 Bc7 58.Ra8 Nd3 59.Nxe4+ Nxb4 60.d6+ Bxd6 61.exd6+ Kd7 62.Ra7+ Ke6
63.Re7+ Kd5 64.d7 Nc6 65.Re5+ Kd4 66.Nf6 Rd2 67.Rd5+ Ke3 68.Rxd2 Kxd2 69.Nxh5 Ke3
70.Kg2 Ke4 71.Nf6+ Kf5 72.Nd5 Ke4 73.Ne7 Nd8 74.Kf2 Kd4 75.Nf5+ Kd5 76.Nh6 Ke6
77.Nxg4 Kxd7 78.Kf3 Ke6 79.Ne3 f5 80.g4 fxg4+ 81.Kxg4 Nf7  1/2-1/2

[Event "Wijk op"]
[Site "Wijk aan Zee"]
[Date "1993.??.??"]
[Round "6"]
[White "Rotstein, Arkadij"]
[Black "Leko, Peter"]
[Result "1-0"]
[WhiteElo "2465"]
[BlackElo "2465"]

1.Nf3 g6 2.e4 c5 3.d4 cxd4 4.Qxd4 Nf6 5.e5 Nc6 6.Qa4 Nd5 7.Qb3 e6 8.c4 Nb6
9.Nc3 Qc7 10.Nb5 Qb8 11.Qe3 Bb4+ 12.Bd2 O-O 13.Bxb4 Nxb4 14.O-O-O f6 15.h4 Nc6
16.Nd6 Nxe5 17.Nxe5 fxe5 18.h5 Nd5 19.Rxd5 exd5 20.Qxe5 Rf5 21.Qe8+ Rf8 22.Qe7 Rxf2
23.h6  1-0

[Event "Wijk op"]
[Site "Wijk aan Zee"]
[Date "1993.??.??"]
[Round "6"]
[White "Van der Sterren, Paul"]
[Black "Piket, Jeroen"]
[Result "0-1"]
[WhiteElo "2490"]
[BlackElo "2590"]

1.d4 Nf6 2.c4 e6 3.Nf3 b6 4.g3 Ba6 5.b3 Bb7 6.Bg2 Bb4+ 7.Bd2 a5 8.O-O O-O
9.Qc2 h6 10.a3 Be7 11.Nc3 d5 12.cxd5 exd5 13.Bf4 Na6 14.Rfd1 Qd7 15.Be5 Rfe8
16.Nh4 Ne4 17.Nxe4 dxe4 18.Bxe4 Bxe4 19.Qxe4 Bxh4 20.Qxh4 f6 21.Bf4 Rxe2
22.Qh5 Rae8 23.Rac1 Kh7 24.Qf3 Qb5 25.a4 Qf5 26.Kg2 Rb2 27.Re1 Rxe1 28.Rxe1 Nb4
29.Bxc7 Qxf3+ 30.Kxf3 Nd5 31.Bd8 Rxb3+ 32.Ke4 Nc3+ 33.Kf5 Nxa4 34.d5 Rd3
35.Ke6 Nc5+ 36.Kd6 Nb7+ 37.Kc7 Nxd8  0-1

[Event "Wijk op"]
[Site "Wijk aan Zee"]
[Date "1993.??.??"]
[Round "6"]
[White "Schwartzman, Gabriel"]
[Black "De Boer, Gert Jan"]
[Result "1/2-1/2"]
[WhiteElo "2455"]
[BlackElo "2430"]

1.Nf3 Nf6 2.g3 d5 3.Bg2 c6 4.O-O Bg4 5.b3 Nbd7 6.Bb2 e6 7.d3 Bd6 8.c4 O-O
9.Nbd2 Re8 10.Qc2 Qe7 11.a3 a5 12.h3 Bh5 13.e4 dxe4 14.dxe4 Bxf3 15.Nxf3 e5
16.Rfd1 Rad8 17.Ne1 b6 18.Rd2 h5 19.Nf3 Nc5 20.Nh4 g6 21.Rad1 Bc7 22.b4 Rxd2
23.Rxd2 axb4 24.axb4 Na6 25.b5 cxb5 26.cxb5 Nc5 27.Ba3 Rd8 28.Rxd8+ Bxd8
29.Bf3 Qc7 30.Ng2 Ne6 31.Qxc7 Bxc7 32.Be7 Nd4 33.Bxf6 Nxf3+ 34.Kh1 Nd2 35.f3 Nxf3
36.Ne3 Nd2 37.Nd5 Nxe4 38.Be7 Bd6 39.Bd8 Bc5 40.Bxb6 Bxb6 41.Nxb6 Nc3 42.Nc4 Nxb5
43.Nxe5 Nd4 44.g4 h4 45.Kg2 Ne6 46.Nf3 g5 47.Kf2 f6 48.Ke3 Kf7 49.Ke4 Kg6
50.Ke3 Kg7 51.Ke4 Kf7 52.Kf5 Ng7+ 53.Ke4 Ke6 54.Nd4+ Kd6 55.Nb5+ Ke7 56.Nd4 Ne6
57.Nf3 Kf7 58.Kf5 Ng7+ 59.Ke4 Kg6 60.Nd4 Kf7  1/2-1/2

[Event "Wijk op"]
[Site "Wijk aan Zee"]
[Date "1993.??.??"]
[Round "6"]
[White "Van der Wiel, John TH"]
[Black "Lobron, Eric"]
[Result "1/2-1/2"]
[WhiteElo "2555"]
[BlackElo "2620"]

1.e4 c5 2.Nf3 d6 3.d4 cxd4 4.Nxd4 Nf6 5.Nc3 Nc6 6.Bg5 e6 7.Qd2 a6 8.O-O-O h6
9.Be3 Nxd4 10.Bxd4 b5 11.Qe3 Bd7 12.f4 b4 13.Ne2 e5 14.fxe5 Ng4 15.Qg3 Qg5+
16.Kb1 dxe5 17.Bg1 Nf6 18.Qd3 Be7 19.Ng3 O-O 20.Be2  1/2-1/2

[Event "Wijk op"]
[Site "Wijk aan Zee"]
[Date "1993.??.??"]
[Round "6"]
[White "Wolff, Patrick G"]
[Black "Nijboer, Friso"]
[Result "0-1"]
[WhiteElo "2580"]
[BlackElo "2505"]

1.e4 d6 2.d4 Nf6 3.Nc3 g6 4.Be3 Bg7 5.Qd2 c6 6.Nf3 b5 7.Bd3 Bg4 8.a4 Bxf3
9.gxf3 bxa4 10.Rxa4 Nbd7 11.Ra6 Qc8 12.O-O O-O 13.Rfa1 Qb7 14.Be2 Nb6 15.Nd1 Nfd7
16.Bh6 Bxh6 17.Qxh6 e5 18.dxe5 dxe5 19.Qe3 Qc7 20.Qa3 Qd8 21.Qe3 Nf6 22.Qg5 Qd6
23.Ne3 Nh5 24.Nf5 Qe6 25.Rxa7 Rxa7 26.Rxa7 Nf4 27.Bf1 Nc8 28.Rc7 Kh8 29.Qh6 Rg8
30.Ne3 Ne7 31.Qg5 f6 32.Qg4 Nf5 33.Bc4 Qd6 34.Bxg8 Nxe3 35.Rd7 Qb4 36.c3 Qxb2
37.fxe3 Qc1+ 38.Kf2 Qc2+ 39.Kg1 Qc1+ 40.Kf2 Qc2+ 41.Kg1 h5  0-1

[Event "Wijk op"]
[Site "Wijk aan Zee"]
[Date "1993.??.??"]
[Round "6"]
[White "Grooten, Herman"]
[Black "Har Zvi, Ronen"]
[Result "0-1"]
[WhiteElo "2410"]
[BlackElo "2485"]

1.d4 d6 2.c4 e5 3.Nf3 e4 4.Ng5 f5 5.Nh3 Be7 6.Nc3 c6 7.e3 Nf6 8.Qb3 O-O 9.Bd2 Na6
10.Be2 Nc7 11.f3 Kh8 12.d5 exf3 13.gxf3 a5 14.Nf4 cxd5 15.cxd5 a4 16.Qc4 Nd7
17.O-O Nc5 18.Nh5 Qe8 19.f4 Qf7 20.Bf3 h6 21.Nb5 Nxb5 22.Qxb5 Ne4 23.Bb4 b6
24.Qxb6 Ba6 25.Rfe1 Qg6+ 26.Ng3 Bh4 27.Bxe4 Bxg3 28.hxg3 fxe4 29.Kg2 Qg4
30.Rg1 Qf3+ 31.Kh2 Qh5+ 32.Kg2 Be2 33.Bxd6 Bf3+ 34.Kf1 Qh3+ 35.Ke1 Qh2 36.Qb5 Qxg1+
37.Kd2 Qf2+ 38.Kc3 Qxe3+ 39.Kb4  0-1

[Event "Wijk op"]
[Site "Wijk aan Zee"]
[Date "1993.??.??"]
[Round "7"]
[White "Azmaiparashvili, Zurab"]
[Black "Rotstein, Arkadij"]
[Result "1-0"]
[WhiteElo "2655"]
[BlackElo "2465"]

1.c4 e5 2.Nc3 Nc6 3.g3 g6 4.Rb1 Bg7 5.b4 f5 6.Bg2 Nf6 7.d3 O-O 8.b5 Ne7 9.Qb3 Kh8
10.e3 c6 11.Nge2 d5 12.bxc6 bxc6 13.cxd5 cxd5 14.Ba3 e4 15.dxe4 dxe4 16.O-O Re8
17.Rfd1 Qa5 18.Bb4 Qe5 19.Nf4 Nc6 20.Bd6 Qa5 21.Nb5 Ba6 22.Nc7 Rab8 23.Qc2 Rxb1
24.Rxb1 Rb8 25.Rxb8+ Nxb8 26.Nxa6 Nxa6 27.Qc8+ Ng8 28.Bf1  1-0

[Event "Wijk op"]
[Site "Wijk aan Zee"]
[Date "1993.??.??"]
[Round "7"]
[White "Grooten, Herman"]
[Black "Schwartzman, Gabriel"]
[Result "0-1"]
[WhiteElo "2410"]
[BlackElo "2455"]

1.d4 d5 2.c4 c6 3.Nf3 Nf6 4.e3 Bf5 5.Nc3 e6 6.Qb3 Qb6 7.c5 Qc7 8.Ne5 Nbd7
9.f4 Be7 10.Be2 Nxe5 11.fxe5 Nd7 12.O-O f6 13.e4 dxe4 14.Bc4 O-O-O 15.exf6 Bxf6
16.Be3 Rhe8 17.Qa3 a6 18.b4 h6 19.Rab1 Bg5 20.Ne2 Bxe3+ 21.Qxe3 Nf6 22.h3 Bh7
23.a4 e5 24.b5 exd4 25.Nxd4 Qe5 26.Ne2 Bg8 27.Bxg8 Rd3 28.Qf4 Qxc5+ 29.Kh1 Rxg8
30.bxc6 b6 31.Rfc1 Qa5 32.Ng3 Re8 33.c7 Re6 34.Nf5 Rd7 35.Ne3 g5 36.Qf1 Rxc7
37.Rxc7+ Kxc7 38.Qc4+ Rc6 39.Qf7+ Kb8 40.Qf8+ Kb7 41.Qe7+ Kb8 42.Rd1 Qc3
43.Nf5 Rc7 44.Rd8+ Ka7 45.Qf8 Qc1+ 46.Kh2 Qf4+ 47.Ng3 Rc3 48.Qf7+ Qc7 49.Qxc7+ Rxc7
50.Rh8 h5 51.Nxh5 Nxh5 52.Rxh5 e3  0-1

[Event "Wijk op"]
[Site "Wijk aan Zee"]
[Date "1993.??.??"]
[Round "7"]
[White "Hansen, Lars Bo"]
[Black "Hodgson, Julian M"]
[Result "1/2-1/2"]
[WhiteElo "2545"]
[BlackElo "2565"]

1.Nf3 d6 2.d4 Bg4 3.e3 Nf6 4.c4 e6 5.Nc3 Be7 6.Be2 c6 7.O-O O-O 8.b3 Nbd7
9.Bb2 d5 10.Nd2 Bxe2 11.Qxe2 Re8 12.Rfd1 Bd6 13.Nf3 Qe7 14.e4 Nxe4 15.Nxe4 dxe4
16.Qxe4 Ba3 17.Bc3 Bb4 18.Bb2 Ba3 19.Bc3 Bb4  1/2-1/2

[Event "Wijk op"]
[Site "Wijk aan Zee"]
[Date "1993.??.??"]
[Round "7"]
[White "Har Zvi, Ronen"]
[Black "Cifuentes Parada, Roberto"]
[Result "1/2-1/2"]
[WhiteElo "2485"]
[BlackElo "2480"]

1.e4 c5 2.Nf3 Nc6 3.Bb5 d6 4.O-O Bd7 5.Re1 Nf6 6.c3 a6 7.Bf1 e5 8.h3 Be7
9.d4 O-O 10.dxc5 dxc5 11.a4 Be6 12.Qxd8 Raxd8 13.Nbd2 Ne8 14.Nc4 f6 15.a5 Nd6
16.Nfd2 Kh8 17.Ra4 Nb8 18.Nxd6 Bxd6 19.Bc4 Bd7 20.Ra1 Bc6 21.Nb3 Be7 22.f3 Bb5
23.Bd5 c4 24.Nd2 Nd7 25.b4 cxb3 26.c4 Bc5+ 27.Kh1 Bd4 28.Rb1 Ba4 29.Nxb3 Bxb3
30.Rxb3 Nc5 31.Rb1 Bc3 32.Ba3 Rc8 33.Rec1 Bxa5 34.Bxb7 Rc7 35.Bxa6 Ra8 36.Bxc5 Rxc5
37.Bb7 Ra7 38.Bd5 h5 39.Rb5 Rxb5 40.cxb5 Bb6 41.h4 Ra5 42.Rc8+ Kh7 43.Bc6 Ra1+
44.Kh2 Bg1+ 45.Kh3 Be3 46.Bd7 Rh1+ 47.Kg3 Rb1 48.Rc2 Kh6 49.Re2 Bd4 50.Be8 g5
51.hxg5+ Kxg5 52.Kh2 Rf1 53.g3 Rxf3 54.Kg2 Rb3 55.Bc6 h4 56.gxh4+ Kxh4 57.Bd7 Kg5
58.Re1 Rb2+ 59.Kf3 Rb3+ 60.Kg2 Kf4 61.Rf1+ Kxe4 62.Bc6+ Kd3 63.Rf3+ Be3  1/2-1/2

[Event "Wijk op"]
[Site "Wijk aan Zee"]
[Date "1993.??.??"]
[Round "7"]
[White "Leko, Peter"]
[Black "De Boer, Gert Jan"]
[Result "1-0"]
[WhiteElo "2465"]
[BlackElo "2430"]

1.e4 c5 2.Nf3 d6 3.d4 cxd4 4.Nxd4 Nf6 5.Nc3 a6 6.Be3 e6 7.f4 b5 8.Qf3 Bb7
9.Bd3 Nbd7 10.g4 b4 11.Nce2 Nc5 12.Ng3 Rc8 13.O-O Nfd7 14.Rad1 g6 15.Nb3 Bg7
16.Nxc5 Nxc5 17.f5 Qc7 18.f6 Bf8 19.Qe2 h5 20.gxh5 gxh5 21.Rf4 d5 22.Nxh5 Bd6
23.Ng7+ Kf8 24.Rf2 Nxd3 25.cxd3 dxe4 26.d4 Rh4 27.Rg2 Bf4 28.Rf1 Bd5 29.Qd2 Bxe3+
30.Qxe3 Qc4 31.Qg5 Qxd4+ 32.Kh1 Rh8 33.Nxe6+ Bxe6 34.Qg7+ Ke8 35.Qxh8+ Kd7
36.Qh5 Rc5 37.Qe2 Bd5 38.Rd1 Qxf6 39.Qe3 Kc6 40.Rf2 Qe5 41.Rc1 Rxc1+ 42.Qxc1+ Kd7
43.Qe3 f5 44.Kg1 Ke6 45.Qb6+ Kf7 46.Qa7+ Kf6 47.Rg2 Bf7 48.Qb6+ Qe6 49.Qxb4 Qxa2
50.Qc3+ Ke7 51.Qc7+ Kf6 52.Qd8+ Ke5 53.Rd2 Kf4 54.Qh4+ Ke5 55.Qh8+ Kf4 56.Qh6+  1-0

[Event "Wijk op"]
[Site "Wijk aan Zee"]
[Date "1993.??.??"]
[Round "7"]
[White "Sokolov, Ivan"]
[Black "Schmittdiel, Eckhard"]
[Result "1-0"]
[WhiteElo "2640"]
[BlackElo "2450"]

1.Nf3 c5 2.c4 Nc6 3.Nc3 g6 4.e3 d6 5.d4 Bg4 6.d5 Ne5 7.Be2 Nxf3+ 8.gxf3 Bd7
9.e4 Bg7 10.Be3 a6 11.Qd2 Qa5 12.a3 b5 13.O-O bxc4 14.Bxc4 Qc7 15.Qd3 Nf6
16.Bxa6 O-O 17.Bc4 Nh5 18.f4 Kh8 19.f3 f5 20.Rae1 g5 21.fxg5 f4 22.Bd2 Bh3
23.Rf2 Qb8 24.Nd1 Rg8 25.Kh1 Be5 26.Rg1 h6 27.Re2 Rxg5 28.Rxg5 hxg5 29.Bc3 Bf1
30.Bxe5+ dxe5 31.Qc3 Bxe2 32.Bxe2 Qd6 33.Nf2 Nf6 34.Bc4 Rg8 35.Nd3 Rg7 36.Nxe5 g4
37.Nd3 Nh5 38.fxg4 Ng3+ 39.hxg3 Qh6+ 40.Kg2 fxg3 41.Qe5 Qh2+ 42.Kf3 Kh7 43.d6 exd6
44.Qxg3 Qh1+ 45.Ke3  1-0

[Event "Wijk op"]
[Site "Wijk aan Zee"]
[Date "1993.??.??"]
[Round "7"]
[White "Van Wely, Loek"]
[Black "Christiansen, Larry Mark"]
[Result "1-0"]
[WhiteElo "2560"]
[BlackElo "2620"]

1.d4 Nf6 2.c4 e6 3.Nf3 b6 4.g3 Ba6 5.Nbd2 Bb4 6.Qc2 b5 7.b3 Bb7 8.Bg2 Be4
9.Qb2 bxc4 10.bxc4 Nc6 11.O-O Bxd2 12.Qxd2 O-O 13.Bb2 Rb8 14.Rac1 d5 15.Ba3 Re8
16.Rfd1 dxc4 17.Rxc4 Rb6 18.Ne1 Bxg2 19.Nxg2 h6 20.Qc2 Qd7 21.e3 Ra6 22.Rd3 Rb8
23.Rdc3 Rbb6 24.Nf4 Nd5 25.Nxd5 exd5 26.Rc5 Qe6 27.Kg2 h5 28.h3 g5 29.Kh2 g4
30.h4 Kg7 31.Kg1 Nxd4 32.exd4 Qe1+ 33.Kg2 Rb1 34.Bc1 Rf6 35.Re3 Qb4 36.Rb3 Rxb3
37.axb3 Rf3 38.Be3 Qe1 39.Rxc7 Rf6 40.Bf4 Ra6 41.Be5+  1-0

[Event "Wijk op"]
[Site "Wijk aan Zee"]
[Date "1993.??.??"]
[Round "7"]
[White "Wolff, Patrick G"]
[Black "Van der Werf, Mark"]
[Result "1-0"]
[WhiteElo "2580"]
[BlackElo "2395"]

1.e4 d5 2.exd5 Qxd5 3.Nc3 Qa5 4.Nf3 Nf6 5.Be2 Bg4 6.O-O e6 7.h3 Bh5 8.d3 c6
9.Bf4 Nd5 10.Nxd5 Qxd5 11.c4 Qd8 12.Qb3 Qb6 13.Qc3 Nd7 14.d4 Nf6 15.Rfd1 Bb4
16.Qe3 Be7 17.Qe5 O-O 18.b3 Rfe8 19.Rac1 Bg6 20.Bd3 Bxd3 21.Rxd3 Rad8 22.Qe2 Qa5
23.Rcd1 Qh5 24.Qd2 Nd7 25.Re1 h6 26.Ne5 Nxe5 27.Rxe5 Qh4 28.Rg3 Bb4 29.Qe3 Bd6
30.Rg4 Qf6 31.Bxh6 Bxe5 32.dxe5 Qf5 33.Rxg7+ Kh8 34.Rg4 Rd3 35.Bg7+  1-0

[Event "Wijk op"]
[Site "Wijk aan Zee"]
[Date "1993.??.??"]
[Round "8"]
[White "Adams, Michael"]
[Black "Hodgson, Julian M"]
[Result "1/2-1/2"]
[WhiteElo "2630"]
[BlackElo "2565"]

1.d4 d5 2.c4 c6 3.e3 Nf6 4.Nf3 Bf5 5.Qb3 Qc7 6.Nc3 e6 7.Bd2 Nbd7 8.Rc1 Qb6
9.Nh4 Bg6 10.Nxg6 hxg6 11.g3 g5 12.Bg2 g4 13.h3 gxh3 14.Rxh3 Rxh3 15.Bxh3 Qxb3
16.axb3 Bb4 17.Ke2 Nb6 18.Nb1 Bxd2 19.Nxd2 Nbd7 20.Bg2 Ke7 21.Rh1 Rc8 22.Nf3 c5
23.Ra1 a6 24.Nd2 cxd4 25.exd4 Nb8 26.Kd3 Nc6 27.Nf1 e5 28.dxe5 dxc4+ 29.bxc4 Nxe5+
30.Kd4 Nfg4 31.b3 Nc6+ 32.Kc5 Na5+ 33.Kb4 Nc6+ 34.Kc3 Nxf2 35.Ne3 Kf8 36.Nf5 b5
37.Rxa6 b4+ 38.Kc2 Ne5 39.Nd6 Rd8 40.Bd5 Nfg4 41.Kd2 g6 42.Ne4 Nf3+ 43.Kd3 Ne1+
44.Kd4 Nc2+ 45.Kc5 Ne5 46.Ra7 Nd4 47.Nd2 Nf5 48.Kxb4 Ne7 49.Kc5 Nd3+ 50.Kb5 Nxd5
51.cxd5 Rxd5+ 52.Kc4 Rd8 53.Nf3 Nb2+ 54.Kc5 Nd3+ 55.Kc4 Nb2+ 56.Kc5 Nd3+
57.Kc4  1/2-1/2

[Event "Wijk op"]
[Site "Wijk aan Zee"]
[Date "1993.??.??"]
[Round "8"]
[White "De Boer, Gert Jan"]
[Black "Winants, Luc"]
[Result "1/2-1/2"]
[WhiteElo "2430"]
[BlackElo "2520"]

1.c4 e5 2.g3 g6 3.Bg2 Bg7 4.Nc3 d6 5.d3 f5 6.Rb1 a5 7.a3 Nf6 8.b4 axb4 9.axb4 O-O
10.Nf3 h6 11.O-O g5 12.Qb3 Kh8 13.Bb2 Nc6 14.b5 Na5 15.Qc2 Be6 16.Nd2 Rb8
17.Nd5 b6 18.f4 gxf4 19.gxf4 Ng4  1/2-1/2

[Event "Wijk op"]
[Site "Wijk aan Zee"]
[Date "1993.??.??"]
[Round "8"]
[White "Schmittdiel, Eckhard"]
[Black "Grooten, Herman"]
[Result "1-0"]
[WhiteElo "2450"]
[BlackElo "2410"]

1.e4 c5 2.c3 b6 3.d4 Bb7 4.Bd3 Nf6 5.Nd2 cxd4 6.cxd4 Nc6 7.Ne2 Nb4 8.Bb1 Ba6
9.Nf3 Qc7 10.Nc3 e6 11.a3 Nc6 12.Bg5 Nh5 13.d5 Na5 14.e5 h6 15.Be3 g5 16.d6 Qd8
17.Nd4 Nf4 18.Be4 Nc4 19.Bxf4 gxf4 20.Nxe6 Qh4 21.Nc7+ Kd8 22.Nxa8 f5 23.Qa4 fxe4
24.Qxa6 Nxb2 25.Nxe4 Bg7 26.Rc1  1-0

[Event "Wijk op"]
[Site "Wijk aan Zee"]
[Date "1993.??.??"]
[Round "8"]
[White "Sokolov, Ivan"]
[Black "Lputian, Smbat G"]
[Result "1/2-1/2"]
[WhiteElo "2640"]
[BlackElo "2610"]

1.d4 d5 2.c4 e6 3.Nc3 Be7 4.Bf4 Nf6 5.e3 O-O 6.Nf3 c5 7.dxc5 Bxc5 8.a3 Nc6
9.Be2 dxc4 10.Bxc4 Qxd1+ 11.Rxd1 b6 12.Ng5 Be7 13.Nge4 Bb7 14.Nd6 Na5 15.Be2 Bxd6
16.Rxd6 Rfc8 17.f3 Nd5 18.Nxd5 Bxd5 19.b4 Nc4 20.Bxc4 Bxc4 21.Kf2 f6 22.Rd2 Bb5
23.Ra1 Ba4 24.Bg3 Rc3 25.e4 e5 26.Kg1 Rac8 27.h4 Kf7 28.Raa2 Ke7 29.Bf2 Rc1+
30.Kh2 R8c3 31.Re2 Bb3 32.Rab2 Bc4 33.Re3 Rxe3 34.Bxe3 Rc3 35.Bd2 Rxa3 36.Rc2 Be6
37.Kg3 h5 38.Kf2 Kd6 39.Rc3 Ra2 40.Ke3 Bd7 41.Rd3+ Ke6 42.Rc3 Ra4 43.Rc1 Kd6
44.Bc3 Ra2 45.Bd2 Bc6 46.Rc3 Kd7 47.Rc1 Bb5 48.Rc3 Rb2 49.Rc1 Rb3+ 50.Bc3 Bc4
51.Kd2 Kc6 52.Ra1 a6 53.g3 Kb5 54.f4 Bf7 55.fxe5 fxe5 56.Kc2 Kc4 57.Bxe5 Bg6
58.Rxa6 Bxe4+ 59.Kd2 Rd3+ 60.Ke2 Bf3+ 61.Kf2 Kb5 62.Ra2 Bd5 63.Rb2 g6 64.Bf4 Kc4
65.Rd2  1/2-1/2

[Event "Wijk op"]
[Site "Wijk aan Zee"]
[Date "1993.??.??"]
[Round "8"]
[White "Van der Sterren, Paul"]
[Black "Huzman, Alexander"]
[Result "0-1"]
[WhiteElo "2490"]
[BlackElo "2510"]

1.d4 Nf6 2.c4 g6 3.Nc3 d5 4.Bg5 Ne4 5.Bf4 Nxc3 6.bxc3 Bg7 7.e3 c5 8.Nf3 O-O
9.cxd5 cxd4 10.cxd4 Qxd5 11.Be2 Nc6 12.O-O Bf5 13.Qa4 Qa5 14.Qb3 Qb4 15.Rfc1 Rac8
16.h3 a6 17.Qd1 Rfd8 18.g4 Be4 19.Nd2 e5 20.Bg5 exd4 21.Rc4 Qb2 22.Rac1 dxe3
23.Bxe3 Bd5 24.R4c2 Qe5 25.Qf1 Qf6 26.Bc4 Nb4 27.Rc3 Nxa2  0-1

[Event "Wijk op"]
[Site "Wijk aan Zee"]
[Date "1993.??.??"]
[Round "9"]
[White "Leko, Peter"]
[Black "Christiansen, Larry Mark"]
[Result "1/2-1/2"]
[WhiteElo "2465"]
[BlackElo "2620"]

1.e4 c5 2.Nf3 e6 3.d4 cxd4 4.Nxd4 a6 5.Bd3 b6 6.O-O Bb7 7.Qe2 Ne7 8.f4 Nbc6
9.Nf3 Ng6 10.Kh1 Be7 11.Nc3 O-O 12.Qf2 Nb4 13.Be3 Nxd3 14.cxd3 f5 15.Bxb6 Qe8
16.g3 e5 17.fxe5 fxe4 18.dxe4 Nxe5 19.Qe2 Nxf3 20.Rxf3 Rxf3 21.Qxf3 Qg6 22.Bd4 Rf8
23.Qe2 h5 24.Re1 Kh7 25.Qg2 Bb4 26.Kg1 Re8 27.Qf3 Rf8 28.Qg2 Qg4 29.Qe2 Qg6
30.Qg2  1/2-1/2

[Event "Wijk op"]
[Site "Wijk aan Zee"]
[Date "1993.??.??"]
[Round "9"]
[White "Tukmakov, Vladimir B"]
[Black "Reinderman, Dimitri"]
[Result "1-0"]
[WhiteElo "2605"]
[BlackElo "2415"]

1.d4 f5 2.g3 Nf6 3.Bg2 g6 4.c4 Bg7 5.Nc3 O-O 6.Nf3 d6 7.O-O Nc6 8.d5 Ne5
9.Nxe5 dxe5 10.Qb3 h6 11.c5 Kh8 12.Rd1 g5 13.Bd2 a6 14.Na4 Qe8 15.Ba5 Bd7
16.Nc3 b6 17.cxb6 cxb6 18.Qxb6 Rb8 19.Qc5 Rxb2 20.Qa3 Rb5 21.Nxb5 Bxb5 22.Bb4 Rf7
23.Rac1 e4 24.Rd2 Qd7 25.Qc3 Kh7 26.Qc7 h5 27.e3 Kg6 28.Qxd7 Nxd7 29.Rc7 Bf6
30.Bf1 Ne5 31.Bxb5 axb5 32.Rd1 Nd3 33.a3 f4 34.Rb7 h4 35.Rxb5 hxg3 36.hxg3 Rh7
37.d6 e6 38.gxf4 gxf4 39.exf4 Bd4 40.Rd2 e3 41.fxe3 Bxe3+ 42.Kf1 Bxd2 43.Bxd2 Rd7
44.Ke2 Rxd6 45.Be3 Kf6 46.Rb3 Nxf4+ 47.Bxf4 Ra6 48.Kd3 Ke7 49.Be3 Kd6 50.Kc4 Kc6
51.Bc5 e5 52.Re3 Ra8 53.Rxe5 Rd8 54.Re6+ Kb7 55.Kb5 Rd7 56.Rb6+ Ka8 57.Kc6 Ra7
58.Rb3 Rc7+ 59.Kb5 Rf7 60.Rb4 Rb7+ 61.Bb6 Rf7 62.Kc6 Rf6+ 63.Kd7 Rf7+ 64.Kc8 Rf8+
65.Bd8 Rf7 66.Bc7 Rf8+ 67.Kd7 Rf3 68.a4 Rh3 69.Be5 Rh7+ 70.Kc6 Rb7 71.Rb5 Rh7
72.Bd6 Rg7 73.Rf5 Rf7 74.Re5 Rc7+ 75.Kxc7  1-0

[Event "Wijk op"]
[Site "Wijk aan Zee"]
[Date "1993.??.??"]
[Round "9"]
[White "Azmaiparashvili, Zurab"]
[Black "Akopian, Vladimir"]
[Result "1/2-1/2"]
[WhiteElo "2655"]
[BlackElo "2615"]

1.d4 d5 2.c4 c6 3.Nc3 Nf6 4.cxd5 cxd5 5.Bf4 Nc6 6.e3 a6 7.Be2 Bf5 8.g4 Bg6
9.Qb3 e6 10.Qxb7 Na5 11.Qc7 Qxc7 12.Bxc7 Bb4 13.Nf3 Nc4 14.Bxc4 dxc4 15.Nd2 Bd3
16.g5 Bxc3 17.bxc3 Nd5 18.Bg3  1/2-1/2

[Event "Wijk op"]
[Site "Wijk aan Zee"]
[Date "1993.??.??"]
[Round "9"]
[White "Grooten, Herman"]
[Black "Van der Werf, Mark"]
[Result "1-0"]
[WhiteElo "2410"]
[BlackElo "2395"]

1.d4 d5 2.Nf3 Nf6 3.Bf4 c5 4.dxc5 e6 5.e3 Bxc5 6.c4 O-O 7.Nc3 Nc6 8.a3 Re8
9.Ne5 Bd6 10.Nxc6 bxc6 11.Bxd6 Qxd6 12.Be2 Rb8 13.b4 a5 14.bxa5 Qe5 15.Qd4 Qxd4
16.exd4 e5 17.O-O-O exd4 18.Rxd4 c5 19.Rd2 d4 20.Na4 Ne4 21.Bf3 Nxd2 22.Kxd2 Rb3
23.Bc6 Rd8 24.Kc2 Rb8 25.Re1 Bf5+ 26.Kd2 Bd7 27.Bxd7 Rxd7 28.Re5 Ra7 29.Rxc5 Rba8
30.Nb6 Rxa5 31.Rc7 Rb8 32.a4 Rf5 33.f3 Rg5 34.g3 Rf5 35.f4 g5 36.Nd5 Kg7
37.g4 Rxf4 38.Nxf4 gxf4 39.Rc5 Rb3 40.Rd5 Rb4 41.Rxd4 Rxa4 42.Rxf4 Ra2+ 43.Kd3 Rxh2
44.c5 h5 45.c6 hxg4 46.Rxg4+ Kf6 47.Rg8 Rh3+ 48.Kd4 Rh4+ 49.Kc3 Rh1 50.Kb2 Rh2+
51.Kb3 Rh3+ 52.Kb4 Rh4+ 53.Kb5 Rh5+ 54.Kb6 Rh1 55.c7 Rb1+ 56.Ka5 Rc1 57.c8=Q Rxc8
58.Rxc8 Ke5 59.Kb4  1-0

[Event "Wijk op"]
[Site "Wijk aan Zee"]
[Date "1993.??.??"]
[Round "9"]
[White "Hansen, Lars Bo"]
[Black "Van der Wiel, John TH"]
[Result "1/2-1/2"]
[WhiteElo "2545"]
[BlackElo "2555"]

1.d4 Nf6 2.c4 e6 3.g3 Bb4+ 4.Nd2 c5 5.dxc5 Bxc5 6.Bg2 Be7 7.Ngf3 Qc7 8.O-O O-O
9.b3 a6 10.Bb2 d6 11.Rc1 b6 12.Bxf6 Bxf6 13.Ne4 Be7 14.Qd3 Bb7 15.Neg5 g6
16.h4 Nd7 17.Rfd1 Rad8 18.Qe3 Nf6 19.Ne1 Bxg2 20.Nxg2 Qc5 21.Ne4 Qxe3 22.Nxf6+ Bxf6
23.Nxe3 Rd7 24.Rd3 Rc8 25.Rcd1 Be7 26.Nf1 b5  1/2-1/2

[Event "Wijk op"]
[Site "Wijk aan Zee"]
[Date "1993.??.??"]
[Round "9"]
[White "Oll, Lembit"]
[Black "Gelfand, Boris"]
[Result "1-0"]
[WhiteElo "2585"]
[BlackElo "2690"]

1.d4 Nf6 2.c4 e6 3.Nf3 b6 4.g3 Ba6 5.Nbd2 b5 6.cxb5 Bxb5 7.Ne5 d5 8.Bg2 Nfd7
9.Ndf3 Nxe5 10.Nxe5 Nd7 11.a4 Nxe5 12.axb5 Bb4+ 13.Kf1 Nd7 14.e4 Nb6 15.Qb3 Be7
16.Bf4 O-O 17.exd5 Nxd5 18.Bxd5 exd5 19.Kg2 Bd6 20.Be3 Qe8 21.Qxd5 Rb8 22.Ra5 Bb4
23.Rxa7 Rxb5 24.Qf3 Bd6 25.Bc1 Qb8 26.Ra6 Qc8 27.Qc6 Rh5 28.h4 Rf5 29.Ra7 Qe6
30.Be3 Rd5 31.Re1 Rxd4 32.Rxc7 Rxh4 33.gxh4 Qg4+ 34.Kf1 Qh3+ 35.Ke2 Qg4+
36.f3 Qg2+ 37.Kd1 Bxc7 38.Qxc7 Qxb2 39.Bd2 Qf6 40.Qf4 Qxf4 41.Bxf4 Ra8 42.Re7 f6
43.Ke2 Ra5 44.Kf2 Rb5 45.Kg3 Ra5 46.Rc7 h5 47.Be3 Ra3 48.Bd4 Rd3 49.Bc3 Rd5
50.Kf4 Rb5 51.Ke4 Rb3 52.Bd4  1-0

[Event "Wijk op"]
[Site "Wijk aan Zee"]
[Date "1993.??.??"]
[Round "9"]
[White "Piket, Jeroen"]
[Black "Lobron, Eric"]
[Result "1/2-1/2"]
[WhiteElo "2590"]
[BlackElo "2620"]

1.d4 e6 2.c4 f5 3.g3 Nf6 4.Bg2 Be7 5.Nf3 d6 6.O-O O-O 7.Nc3 a5 8.Bg5 Ne4
9.Bxe7 Qxe7 10.Nxe4 fxe4 11.Nd2 d5 12.e3 Nc6 13.f3 exf3 14.Rxf3 Rxf3 15.Qxf3 dxc4
16.Nxc4 Bd7 17.Rf1 a4 18.Qf4 Rc8 19.a3 h6 20.Ne5 Nxe5 21.Qxe5 Qd6 22.Qh5 Be8
23.Qg4 Bc6 24.Rf6 Bxg2 25.Kxg2 Re8 26.Rxh6 Qd5+ 27.Kh3 Qf5 28.Rh5 Qf1+ 29.Kh4 Qf2
30.Rh8+ Kxh8 31.Qh5+ Kg8 32.Qxe8+ Kh7 33.Qxe6 Qxh2+ 34.Qh3 Qxb2 35.Kg5+ Kg8
36.Qe6+ Kh7 37.Qf5+ Kg8 38.Qd5+ Kh7 39.Qe4+ Kg8 40.Qe8+ Kh7 41.Qe4+ Kg8 42.Qe6+ Kh7
43.Qh3+ Kg8 44.Qc8+ Kh7 45.Qxc7 Qxa3 46.Qc2+ Kg8 47.Qc8+ Kf7 48.Qc4+ Kf8
49.Qc8+ Kf7 50.Qc4+ Kf8 51.Qc8+  1/2-1/2

[Event "Wijk op"]
[Site "Wijk aan Zee"]
[Date "1993.??.??"]
[Round "9"]
[White "Wolff, Patrick G"]
[Black "Sokolov, Ivan"]
[Result "1/2-1/2"]
[WhiteElo "2580"]
[BlackElo "2640"]

1.e4 e5 2.Nf3 Nc6 3.Bc4 Nf6 4.d3 Bc5 5.c3 a6 6.O-O Ba7 7.Nbd2 d6 8.Bb3 Ne7
9.Re1 Ng6 10.Nf1 c6 11.h3 Qc7 12.d4 O-O 13.Ng3 Be6 14.Bc2 h6 15.Be3 Rad8
16.Qc1 Rfe8 17.b3 Bc8 18.c4 exd4 19.Bxd4 Bxd4 20.Nxd4 d5 21.exd5  1/2-1/2

[Event "Wijk op"]
[Site "Wijk aan Zee"]
[Date "1993.??.??"]
[Round "9"]
[White "Winants, Luc"]
[Black "Rotstein, Arkadij"]
[Result "1-0"]
[WhiteElo "2520"]
[BlackElo "2465"]

1.c4 e5 2.Nc3 Nc6 3.g3 g6 4.Bg2 Bg7 5.Rb1 f5 6.d3 a5 7.e3 Nf6 8.Nge2 O-O
9.b3 Ne7 10.O-O c6 11.d4 e4 12.d5 cxd5 13.cxd5 d6 14.a4 Nd7 15.f3 exf3 16.Bxf3 Nc5
17.Nb5 Kh8 18.Nf4 Ng8 19.Ba3 Re8 20.Bxc5 dxc5 21.Re1 Nf6 22.d6 Ne4 23.Qc2 Rb8
24.Rbd1 Bd7 25.Nc7 Re5 26.Nd3 Qg5 27.Nxe5 Bxe5 28.Nd5 Bc6 29.Bxe4 fxe4 30.Nf4 b6
31.Qc4 Qf6 32.d7 Rd8 33.Rf1 Rxd7 34.Rxd7 Bxd7 35.Nxg6+  1-0

[Event "Wijk op"]
[Site "Wijk aan Zee"]
[Date "1993.??.??"]
[Round "10"]
[White "Akopian, Vladimir"]
[Black "Shirov, Alexei"]
[Result "1/2-1/2"]
[WhiteElo "2615"]
[BlackElo "2670"]

1.d4 d5 2.Nf3 Nf6 3.c4 c6 4.Qb3 dxc4 5.Qxc4 Bf5 6.Nc3 Nbd7 7.g3 e6 8.Bg2 Be7
9.O-O O-O 10.e3 Ne4 11.Qe2 Nxc3 12.bxc3 Be4 13.c4 c5 14.Rd1 Qc7 15.Bb2 Nb6
16.Rac1 Bf6 17.Bf1 Na4 18.Ba1 Rfd8 19.Nd2 Bc6 20.Nb3 b6 21.d5 Bxa1 22.dxc6 Bf6
23.Bg2 Nc3 24.Rxd8+ Rxd8 25.Qc2 Rd6 26.Re1 Rxc6 27.Bxc6 Qxc6 28.Nd2 a6 29.Nb1 Ne4
30.h4 b5 31.cxb5 axb5 32.Nd2 Nc3 33.Nb1 Ne4 34.Nd2 Nc3  1/2-1/2